| 000 | 00454nam a2200157 i 4500 | ||
|---|---|---|---|
| 001 | 185840 | ||
| 003 | ES-MaACL | ||
| 005 | 20230906222529.0 | ||
| 008 | 160816s1969 sp |||| | spa d | ||
| 100 | 1 |
_aTelfer, Dariel. _9160488 |
|
| 245 | 1 | 4 |
_aLos corruptores / _cDariel Telfer ; [traductor, Pedro Víctor]. |
| 260 |
_aBarcelona : _bRumeu, _c[1969] |
||
| 300 |
_a415 p. ; _c19 cm. |
||
| 700 | 1 |
_aVíctor, Pedro. _9114391 |
|
| 852 |
_aES-MaACL _jC-39647 |
||
| 999 |
_c185840 _d185840 |
||